| 000 | 01020nam a2200229Ia 4500 | ||
|---|---|---|---|
| 999 |
_c38467 _d38467 |
||
| 001 | 4479 | ||
| 003 | GE_BSU | ||
| 005 | 20190521174138.0 | ||
| 008 | 181216s1973||||ge |||||||||||||| ||geo|| | ||
| 040 | _cGE_BSU | ||
| 041 | _ageo | ||
| 080 | _a53(075.8)+531 მ–70 | ||
| 100 |
_aმირიანაშვილი,მათე. _91467 |
||
| 245 |
_aზოგადი ფიზიკის კურსი. მექანიკა. I ნაწ : სახელმძღვ. / _cმათე მირიანაშვილი ; რედ. ა.იშხნელი. |
||
| 250 | _aმესამე შესწორებ. და გადამ. გამოც. | ||
| 264 |
_aთბილისი : _bუნ–ტის გამ–ბა, _c1973. |
||
| 300 |
_a507 გვ .: _c21 სმ. |
||
| 653 | _aზოგადი ფიზიკა, მექანიკა. | ||
| 653 | _aმექანიკა | ||
| 700 |
_aიშხნელი, ა _eრედაქტორი _91468 |
||
| 942 |
_cBK _2udc |
||